000 00857nam a2200277Ia 4500
003 OSt
005 20220930091701.0
006 a|||||r|||| 00| 0
007 ta
008 220926b |||||||| |||| 00| 0 eng d
024 _a9428
037 _cTheses
040 _aCRL
_cCRL
_beng
041 _2eng
_aeng
100 _aKulshreshtaha Saurabh Au.
_9546304
110 _aUniversity of delhi. Faculty of Law. Department of Law
245 0 _aAlternative dispute resolution mechanism
_b a case study of Delhi
260 _c2012
300 _a301
_ap.
_ccm.
650 _aLAW
700 _a Dr Raman Mittal Gu.
_9546305
700 _a Prof. Gurdip Singh Gu.
700 _aUniversity of delhi. Faculty of Law. Department of Law
942 _cDIS
_2CC
999 _c882451
_d882451